000 01701nam1a2200349 i 4500
001 RU\NLR\BIBL_A\010697592
005 20260412063558.0
010 _a9785888126448
035 _a(NLR Aleph) 010697592
090 _a9710377
_c9710377
100 _a20080710g20149999u y0rusy50 ca
101 0 _arus
102 _aRU
105 _a||||j||||||||
200 1 _aАнна Ахматова: pro et contra
_eантология
_fРус. христ. гуманит. акад.
_g[сост., вступ. ст., коммент. С. А. Коваленко]
205 _a[2-е изд.]
210 _aСанкт-Петербург
_cИзд-во Русской христианской гуманитарной академии
_d2014
215 _d22
225 1 _aСерия "Русский путь"
_fредкол.: Д. К. Богатырев (пред.) [и др.]
225 1 _aСерия "Русский путь: pro et contra
300 _aЗагл. обл.: А. Ахматова: pro et contra
512 1 _aА. Ахматова: pro et contra
600 1 _aАхматова
_bА.А.
_f1889 - 1966
_gАнна Андреевна
_jСборники
_91065749
_3RU\NLR\AUTH\6695818
686 1 _aШ5(2=Р)7-4Ахматова
702 1 _4570
_8rus
_7ca
_aАхматова
_bА. А.
_f1889-1966
_gАнна Андреевна
_3RU\NLR\AUTH\77506
_9110555
702 1 _aКоваленко
_bС. А.
_gСветлана Алексеевна
_4220
712 0 2 _4570
_aРусская Христианская гуманитарная академия
_cСанкт-Петербург
_3RU\NLR\AUTH\8810071534
_9645022
852 _aNLR
_j2015-5/1634
942 _cBOOK
980 _aNBR